LEADER 01283nam a2200289 a 4500 001 000000132578 003 CaOOAMICUS 005 20130205133453.0 008 130205s2004 it u000 u eng r 020 $a88-7395-036-1 040 $aPUL$bita 082 04$a378 100 1 $aLay, Stephen.$0(OLS)http://pul/name/85396 245 14$aThe interpretation of the Magna Charta Universitatum and its principles /$cStephen Lay. 260 $aBologna :$bBononia University Press,$c©2004. 300 $a117 p. ;$c18 cm. 500 $aIn testa al front: Observatoty for Fundamental University values and rights "Carmine A. Romanzi Award". 504 $aBibliografia p. 113-117. 650 4$aUniversitą$zEuropa$xStoria.$0(OLS)http://pul/subject/16653 850 $aPUL 852 $aPUL$W1$xDP2 Diritto e Scienze Sociali 3$y110$m378 LAYST 1$j152554$qDDC 21$B151920$CPULBib$Z2$F151920 $H102467 $82 941 1 $a9 996 $6020$a88-7395-036-1$9(OLS)http://pul/number/151723 996 $6082$a378$9(OLS)http://pul/classification/747 996 $6245$aThe interpretation of the Magna Charta Universitatum and its principles$9(OLS)http://pul/title/167508 996 $6260$aBologna :$bBononia University Press$9(OLS)http://pul/publisher/79363 LEADER 01308nam a2200301 a 4500 001 000000136638 003 CaOOAMICUS 005 20131203124337.0 008 131203s1992 it u000 u ita r 040 $aPUL$bita 041 1 $aita$hrus 100 1 $aGogol, Nikolaj Vasilevic,$d1809-1852.$0(OLS)http://pul/name/21956 240 10$aVecera na chutore bliz Dikan'ki.$lItaliano.$0(OLS)http://pul/title/172944 245 13$aLe veglie alla fattoria di Dikanka /$cNikolaj Gogol' ; nota introduttiva di Vittorio Strada ; traduzione di Giovanni Langella. 260 $aTorino :$bEinaudi ;$aRoma :$bl'Unitą$g1992 300 $aX, 262 p. ;$c19 cm 490 1 $aCentopagine ;$v09 700 1 $aStrada, Vittorio,$d1929-$0(OLS)http://pul/name/10371 700 1 $aLangella, Giovanni.$0(OLS)http://pul/name/88044 830 0$aCentopagine ;$v09.$0(OLS)http://pul/title/172401 850 $aPUL 852 $aPUL$W1$xDP1 Fondo E. Rossi$y115$m2 E 30$j157355$qFondi$B156842$CPULBib$Z2$F156842 $82 941 1 $a1 961 $aSul dorso collocazione ms. di E. Rossi: V 21 1 996 $6245$aLe veglie alla fattoria di Dikanka$9(OLS)http://pul/title/172943 996 $6260$aTorino :$bEinaudi$9(OLS)http://pul/publisher/48130 996 $6260$aRoma :$bl'Unitą$9(OLS)http://pul/publisher/74001